000
00303nam a22001337a 4500
003
OSt
005
20250620104025.0
007
201 PAGES
008
250620b |||||||| |||| 00| 0 eng d
040
_c
245
_a
IS 302 (PART 1):2024
_c
B.I.S
260
_b
INDIAN STANDARDS
_c
2024
942
_2
ddc
_c
RB
_n
0
999
_c
36233
_d
36233